[Event "TUR-chT U18"]
[Site "Karaman"]
[Date "2024.04.21"]
[Round "3"]
[White "Yildiz, Egehan"]
[Black "Akkaya, Yigit"]
[Result "1-0"]
[WhiteElo "1912"]
[BlackElo "1700"]
[PlyCount "103"]
[EventDate "2024.04.21"]
[EventType "team-tourn"]
[EventRounds "9"]
[EventCountry "TUR"]
[SourceTitle "EXT 2025"]
[Source "ChessBase"]
[SourceDate "2024.10.14"]
[SourceVersion "1"]
[SourceVersionDate "2024.10.14"]
[SourceQuality "1"]

1. d4 Nf6 2. c4 e6 3. Nf3 d5 4. Nc3 c6 5. e3 Nbd7 6. Be2 Bb4 7. 0-0 0-0 8. Qc2 Qe7 9. b3 e5 10. dxe5 Nxe5 11. cxd5 cxd5 12. Bb2 Neg4 13. h3 Nh6 14. a3 Bd6 15. Bd3 Be6 16. Rfd1 Rac8 17. Qe2 Rfd8 18. b4 Kh8 19. Rac1 Bb8 20. Nb5 Ne4 21. Nbd4 f6 22. Nxe6 Qxe6 23. Bb1 Nf5 24. Rxc8 Qxc8 25. Qc2 Qxc2 26. Bxc2 Bc7 27. Bb3 Ne7 28. Nd4 Be5 29. f3 Ng5 30. f4 Bxd4 31. Bxd4 Ne4 32. Bxa7 Ra8 33. Bc5 Rxa3 34. Bxe7 Nc3 35. Rxd5 Nxd5 36. Bxd5 b6 37. e4 Ra7 38. Bd8 Ra4 39. b5 f5 40. Bxb6 fxe4 41. Be3 Ra5 42. Bc6 Ra1+ 43. Kf2 Ra2+ 44. Ke1 Rxg2 45. b6 Rb2 46. b7 Rb1+ 47. Kd2 Rb2+ 48. Kc3 Rb1 49. Ba7 e3 50. b8Q+ Rxb8 51. Bxb8 e2 52. Kd2 1-0